Statistics for FC Barcelona players and the 2018/2019 season and their for

Click here to take the quiz!

General Stats

  • This quiz has been taken 87 times
  • The average score is 17 of 24

Answer Stats

PlayersTheir former club% Correct
Gerard PiqueManchester United
95%
Philippe CoutinhoLiverpool
94%
Luis SuarezLiverpool
94%
Ivan RakitićSevilla
94%
Ousmane DembéléBorussia Dortmund
91%
Sergio BusquetsFC Barcelona
88%
Nelson SemedoBenfica
86%
Leo MessiFC Barcelona
86%
Arturo VidalBayern
85%
Marc-André ter StegenBorussia Mönchengladbach
81%
Jasper CillessenAjax
80%
Jordi AlbaValencia
80%
Sergi RobertoFC Barcelona
78%
Carles AleñaFC Barcelona
74%
Clement LengletSevilla
72%
Arthur MeloGremio
53%
Jeison MurilloValencia
53%
Kevin Prince-BoatengSassuolo
49%
Ernesto ValverdeAthletic Bilbao
48%
Samuel UmtitiOlympique Lyon
48%
Jean-Clair TodiboToulouse
38%
Thomas VermaelenAS Roma
33%
RafinhaInter
33%
MalcomGirondins Bordeaux
27%

Score Distribution

Percentile by Number Answered

Percent of People with Each Score

Your Score History

You have not taken this quiz